Préfectures des départements français - Statistiques

Statistiques générales
  • Ce quiz a été pris 38 fois
  • Le résultat moyen est 71 sur 101
Statistiques - réponses
Hint Réponse % Correct
13 - Bouches-du-Rhône Marseille
100%
06 - Alpes-Maritimes Nice
100%
2A - Corse-du-Sud Ajaccio
96%
2B - Haute-Corse Bastia
96%
21 - Côte-d'Or Dijon
96%
33 - Gironde Bordeaux
92%
11 - Aude Carcassonne
92%
34 - Hérault Montpellier
92%
31 - Haute-Garonne Toulouse
92%
10 - Aube Troyes
92%
25 - Doubs Besançon
88%
01 - Ain Bourg-en-Bresse
88%
14 - Calvados Caen
88%
63 - Puy-de-Dôme Clermont-Ferrand
88%
85 - Vendée La Roche-sur-Yon
88%
69 - Rhône Lyon
88%
44 - Loire-Atlantique Nantes
88%
30 - Gard Nîmes
88%
75 - Paris Paris
88%
76 - Seine-Maritime Rouen
88%
42 - Loire Saint-Étienne
88%
67 - Bas-Rhin Strasbourg
88%
49 - Maine-et-Loire Angers
85%
74 - Haute-Savoie Annecy
85%
90 - Territoire de Belfort Belfort
85%
05 - Hautes-Alpes Gap
85%
17 - Charente-Maritime La Rochelle
85%
72 - Sarthe Le Mans
85%
59 - Nord Lille
85%
57 - Moselle Metz
85%
29 - Finistère Quimper
85%
35 - Ille-et-Vilaine Rennes
85%
974 - La Réunion Saint-Denis
85%
83 - Var Toulon
85%
68 - Haut-Rhin Colmar
81%
38 - Isère Grenoble
81%
87 - Haute-Vienne Limoges
81%
54 - Meurthe-et-Moselle Nancy
81%
26 - Drôme Valence
81%
56 - Morbihan Vannes
81%
80 - Somme Amiens
77%
89 - Yonne Auxerre
77%
45 - Loiret Orléans
77%
66 - Pyrénées-Orientales Perpignan
77%
78 - Yvelines Versailles
77%
08 - Ardennes Charleville-Mézières
73%
58 - Nièvre Nevers
73%
64 - Pyrénées-Atlantiques Pau
73%
86 - Vienne Poitiers
73%
12 - Aveyron Rodez
73%
37 - Indre-et-Loire Tours
73%
18 - Cher Bourges
69%
973 - Guyane Cayenne
69%
73 - Savoie Chambéry
69%
04 - Alpes-de-Haute-Provence Digne-les-Bains
69%
09 - Ariège Foix
69%
972 - Martinique Fort-de-France
69%
79 - Deux-Sèvres Niort
69%
22 - Côtes d'Armor Saint-Brieuc
69%
84 - Vaucluse Avignon
65%
41 - Loir-et-Cher Blois
65%
28 - Eure-et-Loir Chartres
65%
02 - Aisne Laon
65%
07 - Ardèche Privas
65%
62 - Pas-de-Calais Arras
62%
88 - Vosges Épinal
62%
27 - Eure Évreux
62%
53 - Mayenne Laval
62%
976 - Mayotte Mamoudzou
62%
24 - Dordogne Périgueux
62%
15 - Cantal Aurillac
58%
91 - Essonne Évry
58%
23 - Creuse Guéret
58%
03 - Allier Moulins
58%
16 - Charente Angoulême
54%
60 - Oise Beauvais
54%
36 - Indre Châteauroux
54%
71 - Saône-et-Loire Mâcon
54%
40 - Landes Mont-de-Marsan
54%
92 - Hauts-de-Seine Nanterre
54%
50 - Manche Saint-Lô
54%
65 - Hautes-Pyrénées Tarbes
54%
47 - Lot-et-Garonne Agen
50%
81 - Tarn Albi
50%
32 - Gers Auch
50%
39 - Jura Lons-le-Saunier
50%
77 - Seine-et-Marne Melun
50%
48 - Lozère Mende
50%
95 - Val-d'Oise Pontoise
50%
19 - Corrèze Tulle
50%
70 - Haute-Saône Vesoul
50%
61 - Orne Alençon
46%
93 - Seine-Saint-Denis Bobigny
46%
43 - Haute-Loire Le Puy-en-Velay
46%
971 - Guadeloupe Basse-Terre
42%
51 - Marne Châlons-en-Champagne
42%
52 - Haute-Marne Chaumont
42%
94 - Val-de-Marne Créteil
42%
55 - Meuse Bar-le-Duc
38%
82 - Tarn-et-Garonne Montauban
38%
46 - Lot Cahors
35%
Aucun quiz correspondant
Distribution des résultats
% des personnes avec chaque résultat
Percentile par nombre de réponses
Votre historique - résultats
Vous n’avez pas pris ce quiz